Жизнестойкость личности как особый паттерн установок освоения социокультурного пространства; Известия Томского политехнического университета [Известия ТПУ]; Т. 322, № 6 : Экономика. Философия, социология и культурология. История

গ্রন্থ-পঞ্জীর বিবরন
Parent link:Известия Томского политехнического университета [Известия ТПУ]/ Томский политехнический университет (ТПУ).— , 2000-
Т. 322, № 6 : Экономика. Философия, социология и культурология. История.— 2013.— [С. 110-114]
প্রধান লেখক: Конюхова Т. В. Татьяна Васильевна
অন্যান্য লেখক: Конюхова Е. Т. Екатерина Тимофеевна
সংক্ষিপ্ত:Заглавие с титульного листа
Электронная версия печатной публикации
Статья посвящена проблеме жизнестойкости личности, которая рассматривается в трудах зарубежных и отечественных ученых. В работе исследуются составляющие жизнестойкости, к которым относятся способность принимать вызов, вовлеченность, склонность принимать на себя ответственность за происходящие события и т. д. Приводится анализ полученных результатов.
ভাষা:রুশ
প্রকাশিত: 2013
মালা:Философия, социология и культурология
বিষয়গুলি:
অনলাইন ব্যবহার করুন:http://earchive.tpu.ru/bitstream/11683/4864/1/bulletin_tpu-2013-322-6-23.pdf
বিন্যাস: MixedMaterials বৈদ্যুতিক গ্রন্থের অধ্যায়
KOHA link:https://koha.lib.tpu.ru/cgi-bin/koha/opac-detail.pl?biblionumber=241332

MARC

LEADER 00000nla2a2200000 4500
001 241332
005 20240221100727.0
035 |a (RuTPU)RU\TPU\book\262599 
035 |a RU\TPU\book\262598 
090 |a 241332 
100 |a 20130710d2013 k y0rusy50 ca 
101 0 |a rus 
102 |a RU 
135 |a drnn ---uucaa 
181 0 |a i  
182 0 |a b 
200 1 |a Жизнестойкость личности как особый паттерн установок освоения социокультурного пространства  |f Т. В. Конюхова, Е. Т. Конюхова 
203 |a Текст  |c электронный 
215 |a 1 файл (81 Кб) 
225 1 |a Философия, социология и культурология 
300 |a Заглавие с титульного листа 
300 |a Электронная версия печатной публикации 
320 |a [Библиогр.: с. 113-114 (17 назв.)] 
330 |a Статья посвящена проблеме жизнестойкости личности, которая рассматривается в трудах зарубежных и отечественных ученых. В работе исследуются составляющие жизнестойкости, к которым относятся способность принимать вызов, вовлеченность, склонность принимать на себя ответственность за происходящие события и т. д. Приводится анализ полученных результатов. 
337 |a Adobe Reader 
461 1 |0 (RuTPU)RU\TPU\book\176237  |t Известия Томского политехнического университета [Известия ТПУ]  |f Томский политехнический университет (ТПУ)  |d 2000- 
463 1 |0 (RuTPU)RU\TPU\book\262503  |x 1684-8519  |t Т. 322, № 6 : Экономика. Философия, социология и культурология. История  |v [С. 110-114]  |d 2013  |p 195 с. 
610 1 |a социология 
610 1 |a социокультурное пространство 
610 1 |a жизнестойкость 
610 1 |a структура 
610 1 |a личность 
610 1 |a установки 
610 1 |a исследование 
610 1 |a полученные результаты 
610 1 |a анализ 
610 1 |a труды учёных ТПУ 
610 1 |a электронный ресурс 
700 1 |a Конюхова  |b Т. В.  |c философ  |c доцент Томского политехнического университета, кандидат философских наук  |f 1980-  |g Татьяна Васильевна  |3 (RuTPU)RU\TPU\pers\25558  |9 11488 
701 1 |a Конюхова  |b Е. Т.  |g Екатерина Тимофеевна 
801 1 |a RU  |b 63413507  |c 20090623  |g PSBO 
801 2 |a RU  |b 63413507  |c 20220204  |g PSBO 
856 4 |u http://earchive.tpu.ru/bitstream/11683/4864/1/bulletin_tpu-2013-322-6-23.pdf 
942 |c CF